| 000 -ლიდერი |
| ფიქსირებული სიგრძის საკონტროლო ველი |
01252nam a22002057a 4500 |
| 003 - საკონტროლო ნომრის იდენტიფიკატორი |
| საკონტროლო ველი |
Ge_BSU |
| 005 - ბოლო ოპერაციის თარიღი და დრო |
| საკონტროლო ველი |
20240627125209.0 |
| 008 - ფიქსირებული სიგრძის მონაცემთა ელემენტები - ზოგადი ინფორმაცია |
| ფიქსირებული სიგრძის საკონტროლო ველი |
240627s1963 ge ||||| |||| 00| 0 geo d |
| 041 ## - ენის კოდი |
| Language code of text/sound track or separate title |
geo |
| 080 ## - უნივერსალური ათობითი კლასიფიკაციის ინდექსი |
| Universal Decimal Classification number |
616.61-002 კ-18 |
| 100 ## - მთავარი ჩანაწერი - პიროვნების სახელი |
| Personal name |
კალანდაძე, ნ. |
| 9 (RLIN) |
22613 |
| 245 ## - ცნობა სათაურის შესახებ |
| Title |
ექსპერიმენტული ციტოტოქსიკური ნეფრიტი და მასზე კორტიკოსტერიოდებით ზემოქმედების ზოგიერთი თავისებურებანი / |
| Statement of responsibility, etc |
ნ. კალანდაძე; [რედ: ირ. ტატიშვილი]; საქ. სსრ მეცნ. აკად. უროლოგიის ინ-ტი. |
| 264 ## - წარმოების, გამოცემის, დისტრიბუციის და სხვა ცნობები |
| გამოცემის, წარმოების, დისტრიბუციის... ადგილი |
თბილისი : |
| გამოცემის, წარმოების, დისტრიბუციის... სახელწოდება |
საქ. სსრ მეცნ. აკად. გამ-ბა, |
| გამოცემის, წარმოების, დისტრიბუციის... თარიღი |
1963. |
| 300 ## - ფიზიკური აღწერა |
| Extent |
291 გვ. : |
| Other physical details |
16 ფურც. ილ. ; |
| Dimensions |
21 სმ |
| 504 ## - BIBLIOGRAPHY, ETC. NOTE |
| Bibliography, etc |
ბიბლიოგრაფია: გვ, 223-280. |
| 653 ## - INDEX TERM--UNCONTROLLED |
| Uncontrolled term |
ციტოტოქსიკური ნეფრიტი |
| 653 ## - INDEX TERM--UNCONTROLLED |
| Uncontrolled term |
მრდიცინა |
| 700 ## - ADDED ENTRY--PERSONAL NAME |
| Personal name |
ტატიშვილი, ირ. |
| Relator term |
რედაქტორი |
| 9 (RLIN) |
22359 |
| 942 ## - ADDED ENTRY ELEMENTS (KOHA) |
| Source of classification or shelving scheme |
|
| Koha item type |
წიგნი |